00364pab a2200133 454500008004000000100001700040245006400057260000900121300001300130362001100143650001400154650002800168773003400196180718b2009 xxu||||| |||| 00| 0 eng d aSanjay Kumar aPatterns of political participation: trends and perspective c2009 ap.47-51. a26 Sep aElections aPolitical participation aEconomic and Political Weekly